000 01800nkm0a22003731 4500
001 RU\NLR\INFOCOMM_10\5000066886
005 20250806205355.0
035 _a(NLR Aleph) 010755576
090 _a77468
_c77468
100 _a20150325d1942 u y0rusy50 ca
101 0 _arus
102 _aRU
116 _aiybxx xx zz
135 _acrcn 024apaba
200 1 _aВ кассу. Бланковый приходный ордер [на продовольственные карточки]. В возврат. Форма №12
_bИзоматериалы
_fУправление по учету и выдаче продуктовых карточек при Ленгорисполкоме
210 _a[Ленинград
_d1942]
215 _a1 л.
_d21х9 см
300 _aПодписи: Начальник, бухгалтер, кассир
325 _aКопия доступна в Электрон. б-ке РНБ
606 1 0 _aБлокада Ленинграда
_z1941 - 1944
_2nlr_sh
_3RU\NLR\AUTH\661253360
801 1 _aRU
_binfocomm
_c20150325
801 0 _aRU
_bNLR
_gPSBO
852 _aNLR
_bЛ3-340
_j6-18/2-15
_pЛМ.2182
852 _aNLR
_bЛ3-340
_j6-18/2-15
_pЛМ.2183
852 _aNLR
_bЛ3-340
_j6-18/2-15
_pЛМ.2184
856 0 _uhttp://vivaldi.nlr.ru/al000000096/view
856 1 _uhttp://vivaldi.nlr.ru/al000000096/cover
856 2 _uhttp://vivaldi.nlr.ru/al000000096/text
942 _cVISUAL
945 _aРоссийская национальная библиотека
980 _aBV
981 3 7 _a(37) Ленинград в Великой Отечественной войне
_b(37) Бланки официальных документов, продовольственные карточки
981 3 4 _a(34) Санкт-Петербург